[Event "LLHH 2122 TV Fischbek - FC St. Pauli II"]
[Site "?"]
[Date "2022.04.03"]
[Round "8.1"]
[White "Trisic, Aleksandar"]
[Black "Serrer, Christoph"]
[Result "1-0"]
[WhiteElo "2332"]
[BlackElo "2278"]
[PlyCount "83"]
[EventDate "2022.??.??"]

1. e4 c6 2. d4 d5 3. e5 Bf5 4. Nf3 e6 5. Be2 Nd7 6. O-O Nh6 7. Ne1 c5 8. c3 Qb6
9. a4 a6 10. a5 Qc7 11. Nd2 f6 12. f4 Bg6 13. g4 fxe5 14. fxe5 Rc8 15. Ng2 cxd4
16. cxd4 Qc2 17. Nf4 Qxd1 18. Bxd1 Bf7 19. Ba4 Be7 20. Nb3 Rc7 21. Bd2 Kd8 22.
Nxd5 exd5 23. Bxh6 Be6 24. Bf4 Rc4 25. Be3 g5 26. Nd2 Rc8 27. Bb3 Rg8 28. Ne4
h6 29. Nc3 Bxg4 30. Bxd5 Rf8 31. Bxb7 Rb8 32. Bxa6 Rxb2 33. Rfb1 Rc2 34. Rc1
Rxc1+ 35. Rxc1 Bb4 36. Nd5 Nb8 37. Nxb4 Rf3 38. Be2 Rxe3 39. Bxg4 Re4 40. Rc8+
Ke7 41. Nd5+ Kf7 42. Bh5+ 1-0

[Event "LLHH 2122 TV Fischbek - FC St. Pauli II"]
[Site "?"]
[Date "2022.04.03"]
[Round "8.3"]
[White "Stenner, Patrick"]
[Black "Rolf, Marco"]
[Result "1/2-1/2"]
[WhiteElo "2276"]
[BlackElo "2059"]
[PlyCount "81"]
[EventDate "2022.??.??"]

1. e4 e6 2. d4 d5 3. Nc3 Nf6 4. Bg5 dxe4 5. Nxe4 Be7 6. Bxf6 Bxf6 7. Nf3 Nd7 8.
c3 O-O 9. Bd3 b6 10. Qc2 Bb7 11. O-O-O c5 12. dxc5 Qc7 13. Kb1 bxc5 14. Neg5 h6
15. Bh7+ Kh8 16. Bg8 g6 17. Nxf7+ Kg7 18. Rxd7 Qxd7 19. N3e5 Bxe5 20. Nxe5 Qe8
21. Bf7 Rxf7 22. Qxg6+ Kf8 23. Qxh6+ Kg8 24. Nxf7 Qxf7 25. Qg5+ Kh7 26. Re1
Qg6+ 27. Qxg6+ Kxg6 28. Rxe6+ Kf5 29. Re7 Bxg2 30. Rc7 Be4+ 31. Kc1 Rh8 32.
Rxc5+ Kf4 33. b4 Rxh2 34. Kb2 Rxf2+ 35. Kb3 Ke3 36. Rc7 a6 37. a4 Bc2+ 38. Ka3
Bd3 39. b5 axb5 40. axb5 Bxb5 41. Kb4 1/2-1/2

[Event "LLHH 2122 TV Fischbek - FC St. Pauli II"]
[Site "?"]
[Date "2022.04.03"]
[Round "8.4"]
[White "Egelriede, Nikolas"]
[Black "Breyther, Ruediger"]
[Result "0-1"]
[WhiteElo "1855"]
[BlackElo "2249"]
[PlyCount "62"]
[EventDate "2022.??.??"]

1. e4 c6 2. c4 d5 3. cxd5 cxd5 4. exd5 Nf6 5. d4 Nxd5 6. Nc3 Nc6 7. Nf3 a6 8.
h3 g6 9. Bc4 Be6 10. Qe2 Bg7 11. O-O O-O 12. Rd1 Nxc3 13. bxc3 Bxc4 14. Qxc4
Rc8 15. Qd3 Na5 16. Bf4 Qd5 17. Re1 e6 18. Nd2 Nc4 19. Nb3 Nb2 20. Qd2 Na4 21.
Rac1 b5 22. Be3 Rfd8 23. f4 Rd7 24. Rc2 Rdc7 25. Rec1 Bf8 26. Qd3 Ba3 27. Re1
Rxc3 28. Rxc3 Rxc3 29. Qe2 Rc4 30. Nd2 Rc2 31. Qg4 Bb4 0-1

[Event "LLHH 2122 TV Fischbek - FC St. Pauli II"]
[Site "?"]
[Date "2022.04.03"]
[Round "8.5"]
[White "Mitscherling, Andreas"]
[Black "Thomzik, Dirk"]
[Result "1-0"]
[WhiteElo "2181"]
[BlackElo "1801"]
[PlyCount "79"]
[EventDate "2022.??.??"]

1. c4 Nf6 2. Nc3 e5 3. g3 d6 4. Bg2 c6 5. Nf3 Be7 6. O-O O-O 7. d4 Nbd7 8. e4
Qc7 9. b3 a6 10. Bb2 Re8 11. Rc1 Qb8 12. Qc2 Bd8 13. d5 c5 14. Nh4 Nh5 15. Nf5
Bg5 16. Rce1 g6 17. Ne3 b5 18. Bc1 Nf8 19. Ne2 Bxe3 20. Bxe3 f5 21. f4 Nf6 22.
fxe5 Ng4 23. Bf4 Nxe5 24. Bxe5 Rxe5 25. Nf4 Ra7 26. Nd3 Re8 27. e5 dxe5 28.
Nxc5 Rc7 29. b4 Qb6 30. Kh1 bxc4 31. Qxc4 Kh8 32. Rf2 a5 33. a3 Nd7 34. Rc2
axb4 35. axb4 Qd6 36. Rec1 Nb6 37. Ne4 Rxc4 38. Nxd6 Rxc2 39. Rxc2 Rf8 40. Rc6
1-0

[Event "LLHH 2122 TV Fischbek - FC St. Pauli II"]
[Site "?"]
[Date "2022.04.03"]
[Round "8.8"]
[White "Serrer, David"]
[Black "Richter, Maik"]
[Result "1/2-1/2"]
[WhiteElo "1603"]
[BlackElo "2160"]
[PlyCount "111"]
[EventDate "2022.??.??"]

1. Nf3 Nf6 2. d4 g6 3. b3 Bg7 4. Bb2 O-O 5. e3 c5 6. dxc5 Qa5+ 7. Nbd2 Nc6 8.
Be2 Qxc5 9. c4 d6 10. O-O Bd7 11. Nd4 a6 12. Rc1 Rfb8 13. Nb1 Qa5 14. a3 Qd8
15. Nc3 Rc8 16. Qd2 Na5 17. Qd1 e5 18. Nf3 Rab8 19. a4 Qb6 20. Ba3 Bf8 21. Nd2
Be6 22. b4 Nxc4 23. Nxc4 Bxc4 24. Bxc4 Rxc4 25. Nd5 Rxc1 26. Nxf6+ Kg7 27. Nh5+
gxh5 28. Qxc1 d5 29. Qd1 Bxb4 30. Qxd5 Re8 31. Rb1 a5 32. Qe4 Qc6 33. Qxc6 bxc6
34. Bxb4 Rb8 35. Bf8+ Rxf8 36. Rc1 Rb8 37. g3 Rb4 38. Rxc6 Rxa4 39. Ra6 Ra1+
40. Kg2 a4 41. Kh3 f6 42. Ra7+ Kg6 43. Ra6 a3 44. Ra7 e4 45. Ra4 a2 46. Kg2 h6
47. Ra5 f5 48. Ra6+ Kf7 49. Ra5 Ke6 50. Ra6+ Kd7 51. Ra7+ Kc6 52. Ra6+ Kb5 53.
Ra8 Kc4 54. Rc8+ Kd3 55. Rd8+ Ke2 56. Ra8 1/2-1/2

[Event "LLHH 2122 SV Diagonale Harburg - SK Wei"]
[Site "?"]
[Date "2022.04.03"]
[Round "8.1"]
[White "Mandelbaum, Peter-Rene"]
[Black "Fries-Nielsen, Jens Ove"]
[Result "0-1"]
[WhiteElo "2076"]
[BlackElo "2368"]
[PlyCount "66"]
[EventDate "2022.??.??"]

1. e4 d5 2. exd5 Qxd5 3. Nc3 Qd8 4. d4 g6 5. Nf3 Nh6 6. Ne4 Nf5 7. Bc4 Bg7 8.
c3 Nd6 9. Bd3 O-O 10. O-O Nd7 11. Re1 Nxe4 12. Bxe4 c5 13. Qe2 cxd4 14. Nxd4
Nc5 15. Bf3 e5 16. Nb3 Nd3 17. Rd1 Nxc1 18. Raxc1 Qb6 19. c4 a5 20. c5 Qb4 21.
Rc4 Qb5 22. c6 Be6 23. Rc5 Qxe2 24. Bxe2 bxc6 25. Nxa5 Rfe8 26. a3 Bf8 27. Rxe5
Bg7 28. Rc5 Bd5 29. Bf1 Bxb2 30. Nxc6 Be6 31. Nd4 Red8 32. Nxe6 Rxd1 33. Ng5
Rxa3 0-1

[Event "LLHH 2122 SV Diagonale Harburg - SK Wei"]
[Site "?"]
[Date "2022.04.03"]
[Round "8.2"]
[White "Guindy, Esmat Susanne"]
[Black "Lansky, Georg"]
[Result "1/2-1/2"]
[WhiteElo "2101"]
[BlackElo "2012"]
[PlyCount "97"]
[EventDate "2022.??.??"]

1. d4 e6 2. Nf3 d5 3. c4 Be7 4. Nc3 Nf6 5. g3 O-O 6. Bg2 dxc4 7. O-O c5 8. dxc5
Nc6 9. Qa4 Qa5 10. Qxc4 Qxc5 11. Qxc5 Bxc5 12. Bg5 h6 13. Bxf6 gxf6 14. Ne4 Be7
15. Rfd1 e5 16. Nd6 Be6 17. Nh4 Nd4 18. e3 Bxd6 19. exd4 exd4 20. Rxd4 Be5 21.
Rb4 a5 22. Rb5 Bc4 23. Rxb7 Rab8 24. Rc1 Rxb7 25. Bxb7 Bxa2 26. Ra1 Be6 27.
Rxa5 Rb8 28. Ra8 Rxa8 29. Bxa8 Bxb2 30. Be4 Kg7 31. Kg2 Bc1 32. f4 Bb2 33. h3
Bc1 34. Nf3 Be3 35. Nh2 Bc1 36. f5 Bb3 37. g4 Bf4 38. Nf1 Bc4 39. Ng3 Bxg3 40.
Kxg3 Bf1 41. Bd5 Bd3 42. h4 h5 43. Kf4 hxg4 44. Kxg4 Bc2 45. Kf4 Bd3 46. Bf3
Kh6 47. Bg4 Bc2 48. Ke3 Bxf5 49. Bxf5 1/2-1/2

[Event "LLHH 2122 SV Diagonale Harburg - SK Wei"]
[Site "?"]
[Date "2022.04.03"]
[Round "8.4"]
[White "Wasmuth, Matthias"]
[Black "Schiele, Lars"]
[Result "1/2-1/2"]
[WhiteElo "2153"]
[BlackElo "2063"]
[PlyCount "63"]
[EventDate "2022.??.??"]

1. d4 Nf6 2. Nf3 g6 3. Bg5 Bg7 4. e3 c5 5. c3 O-O 6. Bd3 d6 7. Nbd2 Qb6 8. Rb1
Be6 9. Qa4 Nc6 10. O-O Rfc8 11. Rfe1 a6 12. dxc5 dxc5 13. Bc4 Bg4 14. Bxf6 exf6
15. Bxf7+ Kxf7 16. Qxg4 Ne7 17. Red1 Qe6 18. Qxe6+ Kxe6 19. Ne4 Nf5 20. g4 Nh6
21. g5 Nf7 22. gxf6 Bxf6 23. Nxf6 Kxf6 24. Rd7 Rab8 25. h4 h6 26. Rbd1 g5 27.
hxg5+ hxg5 28. Kg2 Re8 29. Rc7 g4 30. Rd5 gxf3+ 31. Kxf3 b6 32. Ke2 1/2-1/2

[Event "LLHH 2122 SV Diagonale Harburg - SK Wei"]
[Site "?"]
[Date "2022.04.03"]
[Round "8.5"]
[White "Kuhle, Sebastian"]
[Black "Martin-Sommerfeldt, Luis"]
[Result "1-0"]
[WhiteElo "2039"]
[BlackElo "2019"]
[PlyCount "74"]
[EventDate "2022.??.??"]

1. c4 Nf6 2. Nc3 e6 3. e4 d6 4. g3 b6 5. Bg2 Bb7 6. Nge2 Be7 7. O-O Qc8 8. b4
O-O 9. Rb1 a6 10. Qc2 Nbd7 11. f4 c5 12. b5 axb5 13. Nxb5 Ne8 14. Nec3 Nc7 15.
d3 Rd8 16. f5 Ne8 17. fxe6 fxe6 18. Bh3 Nf8 19. Nd5 Bxd5 20. exd5 Qa6 21. dxe6
Qxa2 22. Rb2 Qa4 23. Qf2 Nf6 24. Bg2 Ng6 25. Bxa8 Qxa8 26. Ra2 Qc6 27. Ra7 d5
28. Qe2 dxc4 29. dxc4 Ne4 30. Rc7 Qxe6 31. Re1 Ng5 32. Qxe6+ Nxe6 33. Rxe6 Rd1+
34. Kg2 Rxc1 35. Rcxe7 Nxe7 36. Rxe7 Rxc4 37. Re8+ Kf7 1-0

[Event "LLHH 2122 SV Diagonale Harburg - SK Wei"]
[Site "?"]
[Date "2022.04.03"]
[Round "8.6"]
[White "Hoppe, Daniel"]
[Black "Purniel Umpierre, Christian"]
[Result "0-1"]
[WhiteElo "1984"]
[BlackElo "2000"]
[PlyCount "40"]
[EventDate "2022.??.??"]

1. e4 c5 2. Nf3 e6 3. d4 cxd4 4. Nxd4 a6 5. c4 Nf6 6. Bd3 Nc6 7. Nc2 d5 8. exd5
exd5 9. O-O Be6 10. cxd5 Nxd5 11. Re1 Be7 12. Qh5 Qd7 13. h3 O-O-O 14. Bf1 g6
15. Qf3 g5 16. Ne3 Nd4 17. Qe4 Nf4 18. Na3 f5 19. Qe5 Nxh3+ 20. gxh3 Nf3+ 0-1

[Event "LLHH 2122 SV Diagonale Harburg - SK Wei"]
[Site "?"]
[Date "2022.04.03"]
[Round "8.7"]
[White "Lam, Daniel"]
[Black "Becker, Martin"]
[Result "1-0"]
[WhiteElo "1917"]
[BlackElo "1908"]
[PlyCount "65"]
[EventDate "2022.??.??"]

1. e4 c5 2. Nf3 Nf6 3. Nc3 d5 4. exd5 Nxd5 5. Bc4 Nxc3 6. bxc3 e6 7. O-O Be7 8.
d4 O-O 9. Be3 cxd4 10. cxd4 Bf6 11. Rb1 Nc6 12. Bd3 Qa5 13. Rb5 Qxa2 14. Bxh7+
Kxh7 15. Ng5+ Kg8 16. Rc5 e5 17. dxe5 Bxg5 18. Bxg5 Qe6 19. f4 Qg4 20. Qd2 Be6
21. h3 Qf5 22. g4 Qe4 23. f5 Bc8 24. Rf4 Nd4 25. Qxd4 Qe1+ 26. Kg2 b6 27. Rc7
Rb8 28. Rf1 Qe2+ 29. Rf2 Qb5 30. c4 Qb1 31. Qd5 a5 32. Be7 Re8 33. Bd6 1-0

[Event "LLHH 2122 SV Diagonale Harburg - SK Wei"]
[Site "?"]
[Date "2022.04.03"]
[Round "8.8"]
[White "Syed, Tareq"]
[Black "Opasiak, Dustin Tennessee"]
[Result "1-0"]
[WhiteElo "1967"]
[BlackElo "1721"]
[PlyCount "73"]
[EventDate "2022.??.??"]

1. d3 d5 2. Nd2 e5 3. e4 dxe4 4. dxe4 Nf6 5. Ngf3 Bg4 6. Bc4 Bd6 7. c3 Nbd7 8.
h3 Bh5 9. Bb3 b5 10. Qe2 a6 11. Nf1 h6 12. Bc2 Bg6 13. Ng3 O-O 14. Nf5 Bxf5 15.
exf5 Re8 16. Nh2 Nd5 17. Be4 N7f6 18. g4 Nxe4 19. Qxe4 Bc5 20. Be3 Bxe3 21.
fxe3 Nf4 22. Nf3 Qd3 23. Qxd3 Nxd3+ 24. Ke2 Nxb2 25. Nd2 Na4 26. Ne4 c5 27. a3
Red8 28. h4 Rd5 29. g5 hxg5 30. hxg5 Rad8 31. f6 Rd3 32. Rh3 Nxc3+ 33. Nxc3
Rxc3 34. Rah1 Rc2+ 35. Kf3 e4+ 36. Kg3 gxf6 37. gxf6 1-0

[Event "LLHH 2122 FC St. Pauli III - Hamburger"]
[Site "?"]
[Date "2022.04.03"]
[Round "8.1"]
[White "Engel, Robert"]
[Black "Wronn, Bernd"]
[Result "1/2-1/2"]
[WhiteElo "2135"]
[BlackElo "2155"]
[PlyCount "162"]
[EventDate "2022.??.??"]

1. e4 c6 2. d4 d5 3. Bd3 dxe4 4. Bxe4 Nf6 5. Bf3 Bf5 6. Ne2 Nbd7 7. O-O Be4 8.
Bxe4 Nxe4 9. a4 e6 10. Na3 Bd6 11. Nc4 Bc7 12. Bf4 O-O 13. Qd3 Bxf4 14. Nxf4
Nef6 15. a5 Qc7 16. Qf3 c5 17. d5 exd5 18. Nxd5 Nxd5 19. Qxd5 Rad8 20. Rfe1 Nf6
21. Qe5 Qc6 22. Rad1 Rxd1 23. Rxd1 Re8 24. Qf5 g6 25. Qd3 Re4 26. Qd8+ Kg7 27.
Ne3 Qe6 28. h3 Qe5 29. c3 Rf4 30. Qd3 Ne4 31. Ng4 Qf5 32. f3 Nf6 33. Qxf5 Rxf5
34. Nxf6 Kxf6 35. Rd7 c4 36. Rxb7 Rxa5 37. Kf2 h5 38. h4 Ke6 39. Ke3 Re5+ 40.
Kd4 Re2 41. Kxc4 Rxg2 42. b4 Rh2 43. Rxa7 Rxh4+ 44. Kc5 Rh1 45. b5 Rb1 46. b6
h4 47. c4 g5 48. b7 h3 49. Ra6+ Kf5 50. Rb6 Rxb6 51. Kxb6 h2 52. b8=Q h1=Q 53.
Qc8+ Kf6 54. Qd8+ Kg6 55. Qd3+ f5 56. c5 Qg1 57. Qd6+ Kh5 58. Qd7 Qb1+ 59. Kc7
Kh4 60. Qd6 Kh3 61. c6 g4 62. Qh6+ Kg2 63. fxg4 fxg4 64. Kd7 Qb5 65. Ke7 g3 66.
c7 Qb7 67. Qd6 Kf3 68. Kd8 g2 69. Qf6+ Ke2 70. Qe5+ Kf3 71. Qf5+ Ke2 72. Qc2+
Kf1 73. Qd1+ Kf2 74. Qd2+ Kf1 75. Qf4+ Ke2 76. Qe5+ Kf1 77. Qa1+ Kf2 78. Qd4+
Kf1 79. Qd3+ Kf2 80. c8=Q Qxc8+ 81. Kxc8 g1=Q 1/2-1/2

[Event "LLHH 2122 FC St. Pauli III - Hamburger"]
[Site "?"]
[Date "2022.04.03"]
[Round "8.2"]
[White "Grote, Dirk"]
[Black "Garner, Isaac"]
[Result "0-1"]
[WhiteElo "2068"]
[BlackElo "2226"]
[PlyCount "94"]
[EventDate "2022.??.??"]

1. d4 Nf6 2. Nf3 d5 3. c4 e6 4. Nc3 dxc4 5. Qa4+ c6 6. Qxc4 b5 7. Qd3 a6 8. Bg5
Nbd7 9. e4 h6 10. Bh4 b4 11. Na4 Be7 12. Be2 Bb7 13. O-O c5 14. e5 Nd5 15. Bxe7
Qxe7 16. Nxc5 Nxc5 17. dxc5 Qxc5 18. Rfc1 Qe7 19. a3 O-O 20. axb4 Nf4 21. Qd2
Nxe2+ 22. Qxe2 Qxb4 23. Qc4 Qxc4 24. Rxc4 Rfb8 25. b4 Bd5 26. Rd4 a5 27. bxa5
Rxa5 28. Re1 Ra3 29. Rf4 Rb2 30. h4 Raa2 31. Nd4 g6 32. Rc1 Rb7 33. Kh2 Kg7 34.
Kg3 Rd2 35. Re1 Rbb2 36. Rf1 Rd3+ 37. Kh2 g5 38. hxg5 hxg5 39. Rg4 Kg6 40. f4
Rxd4 41. f5+ exf5 42. Rxd4 Rxg2+ 43. Kh3 g4+ 44. Kh4 Be6 45. Ra4 Rd2 46. Kg3
Kg5 47. Ra3 Bd5 0-1

[Event "LLHH 2122 FC St. Pauli III - Hamburger"]
[Site "?"]
[Date "2022.04.03"]
[Round "8.3"]
[White "Meyling, Lennart"]
[Black "Goepfert, Jakob"]
[Result "0-1"]
[WhiteElo "2089"]
[BlackElo "2101"]
[PlyCount "58"]
[EventDate "2022.??.??"]

1. d4 Nf6 2. c4 c5 3. d5 b5 4. cxb5 a6 5. e3 Bb7 6. Nc3 e6 7. dxe6 fxe6 8. Nf3
Be7 9. Be2 O-O 10. O-O d5 11. b3 axb5 12. Nxb5 Nc6 13. a4 e5 14. Ba3 Qb6 15.
Rc1 Kh8 16. Qc2 Nd7 17. Rfd1 e4 18. Nd2 Nce5 19. f4 exf3 20. gxf3 Qh6 21. f4
Qh3 22. Nf1 d4 23. e4 Rxf4 24. Ng3 Rf2 25. Kxf2 Qxh2+ 26. Kf1 Qxg3 27. Nxd4
Rf8+ 28. Nf5 Rxf5+ 29. exf5 Bg2+ 0-1

[Event "LLHH 2122 FC St. Pauli III - Hamburger"]
[Site "?"]
[Date "2022.04.03"]
[Round "8.4"]
[White "Thieme, Daniel Otis"]
[Black "Fuhrmann, Aake"]
[Result "1-0"]
[WhiteElo "2013"]
[BlackElo "1937"]
[PlyCount "65"]
[EventDate "2022.??.??"]

1. d4 Nf6 2. c4 g6 3. Nf3 Bg7 4. Nc3 O-O 5. g3 d6 6. Bg2 Nc6 7. O-O a6 8. Ne1
Bd7 9. e4 Rb8 10. Nc2 b5 11. Ne3 e5 12. d5 Na5 13. cxb5 axb5 14. b4 Nb7 15. Qc2
c6 16. dxc6 Bxc6 17. Rd1 Rc8 18. Qd3 Qb6 19. Ncd5 Nxd5 20. Nxd5 Qd8 21. Be3 f5
22. Rac1 Kh8 23. Bh3 fxe4 24. Qd2 Rf5 25. Bxf5 gxf5 26. Bg5 Qe8 27. Ne7 Rc7 28.
Nxc6 Rxc6 29. Qd5 Rxc1 30. Rxc1 Qd7 31. Qc6 Qxc6 32. Rxc6 h6 33. Bh4 1-0

[Event "LLHH 2122 FC St. Pauli III - Hamburger"]
[Site "?"]
[Date "2022.04.03"]
[Round "8.5"]
[White "Foo, Tzun Hong"]
[Black "David, Torsten"]
[Result "0-1"]
[WhiteElo "1875"]
[BlackElo "2060"]
[PlyCount "60"]
[EventDate "2022.??.??"]

1. e4 c5 2. Nf3 d6 3. d4 cxd4 4. Nxd4 Nf6 5. Nc3 a6 6. Be2 e5 7. Nb3 Be6 8. O-O
Nbd7 9. Be3 Rc8 10. f3 h5 11. Qd2 Qc7 12. Rac1 Nb6 13. Rfd1 d5 14. exd5 Nbxd5
15. Nxd5 Nxd5 16. Bf2 Be7 17. c4 Nf4 18. Bf1 O-O 19. Qa5 Qb8 20. Nd2 Rfd8 21.
Bb6 Nd3 22. Bxd3 Rxd3 23. b3 Qd6 24. c5 Qd5 25. c6 Rxc6 26. Qxd5 Bxd5 27. Ba5
Bg5 28. Rxc6 Bxc6 29. Kf2 b6 30. Rc1 bxa5 0-1

[Event "LLHH 2122 FC St. Pauli III - Hamburger"]
[Site "?"]
[Date "2022.04.03"]
[Round "8.6"]
[White "Knecht, Guntram"]
[Black "Stark, Thomas"]
[Result "1-0"]
[WhiteElo "2003"]
[BlackElo "1989"]
[PlyCount "55"]
[EventDate "2022.??.??"]

1. e4 e5 2. Nf3 Nc6 3. Bb5 a6 4. Ba4 Nf6 5. Bxc6 dxc6 6. d3 Bd6 7. Bg5 h6 8.
Bh4 g5 9. Bg3 Be6 10. Nxe5 Qe7 11. Nd2 O-O-O 12. Qe2 Bc5 13. c3 h5 14. h4 g4
15. d4 Ba7 16. O-O Ne8 17. b4 Rg8 18. a4 f6 19. Nd3 Nd6 20. Nc5 Kb8 21. Rfb1
Bc8 22. b5 cxb5 23. axb5 Bxc5 24. dxc5 Nxb5 25. Rxb5 Rxd2 26. Qxd2 Rd8 27. Qa2
axb5 28. Qa8# 1-0

[Event "LLHH 2122 FC St. Pauli III - Hamburger"]
[Site "?"]
[Date "2022.04.03"]
[Round "8.7"]
[White "Kort, Felix"]
[Black "Marx, Joschka"]
[Result "0-1"]
[WhiteElo "1894"]
[BlackElo "2009"]
[PlyCount "74"]
[EventDate "2022.??.??"]

1. d4 Nf6 2. c4 c6 3. Nc3 d5 4. Nf3 g6 5. e3 Bg7 6. Bd3 Nbd7 7. O-O O-O 8. b3
Re8 9. Bb2 dxc4 10. bxc4 Qc7 11. e4 e5 12. d5 Nc5 13. Bc2 Bd7 14. Re1 Rad8 15.
Na4 cxd5 16. Nxc5 Qxc5 17. cxd5 Rc8 18. Bb3 Ng4 19. Re2 Qd6 20. h3 Nf6 21. a4
Nh5 22. Ne1 Nf4 23. Re3 Bh6 24. Rf3 Qb4 25. Nd3 Qxe4 26. Nxf4 exf4 27. d6 Bg7
28. Bxg7 Kxg7 29. Qd2 g5 30. Bd5 Qe5 31. Rd1 Bxa4 32. d7 Bxd7 33. Bxb7 Bc6 34.
Bxc6 Rxc6 35. Qd7 Rc7 36. Qg4 h6 37. Rxf4 Qxf4 0-1

[Event "LLHH 2122 FC St. Pauli III - Hamburger"]
[Site "?"]
[Date "2022.04.03"]
[Round "8.8"]
[White "Schleicher, Guido"]
[Black "Fuhrmann, Bahne"]
[Result "1-0"]
[WhiteElo "2234"]
[BlackElo "1901"]
[PlyCount "77"]
[EventDate "2022.??.??"]

1. c4 e6 2. g3 d5 3. Bg2 d4 4. d3 c5 5. Nf3 Nc6 6. O-O Nf6 7. b4 Nxb4 8. Ne5
Qc7 9. Qa4+ Nd7 10. f4 Bd6 11. a3 Na6 12. Nd2 O-O 13. Nxd7 Bxd7 14. Qb3 Rab8
15. Ne4 f5 16. Nxd6 Qxd6 17. Bd2 Rfe8 18. Rab1 b5 19. Qa2 bxc4 20. Qxc4 Rxb1
21. Rxb1 Rb8 22. Rxb8+ Nxb8 23. e4 Qa6 24. Qb3 Qb5 25. Qa2 Qxd3 26. exf5 Kf7
27. Qb2 Qb5 28. fxe6+ Ke7 29. Qc2 Kxe6 30. Qxh7 Qe2 31. f5+ Kf7 32. Qg6+ Kf8
33. Qd6+ Kg8 34. Bd5+ Kh7 35. Qg6+ Kh8 36. Qg5 Bxf5 37. Qh4+ Bh7 38. Qd8+ Bg8
39. Qxg8# 1-0

[Event "LLHH 2122 SK Marmstorf - Hamburger SK V"]
[Site "?"]
[Date "2022.04.03"]
[Round "8.1"]
[White "Fehling, Michael"]
[Black "Hebbinghaus, Holger"]
[Result "1/2-1/2"]
[WhiteElo "2142"]
[BlackElo "2281"]
[PlyCount "63"]
[EventDate "2022.??.??"]

1. e4 e6 2. d3 d5 3. Nd2 c5 4. Ngf3 Nc6 5. g3 Bd6 6. Bg2 Nge7 7. O-O O-O 8. Re1
Qc7 9. c3 b6 10. Qe2 f6 11. a3 a5 12. a4 Kh8 13. Nb1 dxe4 14. dxe4 Ba6 15. Qc2
Rad8 16. Na3 Ng6 17. Nb5 Qe7 18. Nd2 Bb8 19. f4 c4 20. Nxc4 Qc5+ 21. Ne3 Bxb5
22. axb5 Qxb5 23. Nd1 Nce7 24. Be3 Bd6 25. Qa4 Qxa4 26. Rxa4 Rb8 27. Bh3 f5 28.
Bf2 e5 29. exf5 Nxf5 30. Bxf5 Rxf5 31. Ne3 Rff8 32. Nd5 1/2-1/2

[Event "LLHH 2122 SK Marmstorf - Hamburger SK V"]
[Site "?"]
[Date "2022.04.03"]
[Round "8.2"]
[White "Hawellek, Jeronimo"]
[Black "Schellhorn, Wolfgang"]
[Result "0-1"]
[WhiteElo "2253"]
[BlackElo "2138"]
[PlyCount "72"]
[EventDate "2022.??.??"]

1. d4 Nf6 2. Bf4 c5 3. d5 Qb6 4. Nc3 d6 5. Qd2 Nh5 6. Be3 g6 7. O-O-O h6 8. f4
Bg7 9. Bf2 Qa5 10. g3 b5 11. a3 b4 12. Nb1 Bf5 13. g4 Bxg4 14. Re1 Na6 15. e4
Bxb2+ 16. Kxb2 bxa3+ 17. Ka1 Nb4 18. Nc3 Rb8 19. Rb1 O-O 20. f5 Nf6 21. fxg6
fxg6 22. Bc4 Kh7 23. Rb3 Nd7 24. Bg3 Nb6 25. Be2 c4 26. Rb1 N4xd5 27. exd5 Nxd5
28. Bxg4 a2 29. Rxb8 Rxb8 30. Nge2 Qb4 31. Qc1 Nxc3 32. Nxc3 Qxc3+ 33. Kxa2 Rb5
34. Qa3 Ra5 35. Qxa5 Qxa5+ 36. Kb2 c3+ 0-1

[Event "LLHH 2122 SK Marmstorf - Hamburger SK V"]
[Site "?"]
[Date "2022.04.03"]
[Round "8.3"]
[White "Hold, Andre"]
[Black "Mueller, Jan-Hendrik"]
[Result "0-1"]
[WhiteElo "2081"]
[BlackElo "2118"]
[PlyCount "48"]
[EventDate "2022.??.??"]

1. c4 e6 2. g3 d5 3. Bg2 Nf6 4. Nf3 Be7 5. O-O O-O 6. b3 b6 7. Bb2 c5 8. cxd5
Nxd5 9. Nc3 Bb7 10. d3 Nc6 11. Qd2 Nxc3 12. Bxc3 Nd4 13. Nxd4 cxd4 14. Bxb7
dxc3 15. Qc2 Rb8 16. Ba6 b5 17. a4 b4 18. Rad1 Qb6 19. Bc4 Bc5 20. e3 e5 21.
Qe2 Kh8 22. Rfe1 Rbe8 23. g4 f5 24. Bd5 f4 0-1

[Event "LLHH 2122 SK Marmstorf - Hamburger SK V"]
[Site "?"]
[Date "2022.04.03"]
[Round "8.4"]
[White "Ramme, Christoph"]
[Black "Czeremin, Claus"]
[Result "1-0"]
[WhiteElo "2151"]
[BlackElo "2025"]
[PlyCount "81"]
[EventDate "2022.??.??"]

1. d4 g6 2. e4 Bg7 3. Nf3 d6 4. Be2 Nd7 5. O-O c5 6. c3 Ngf6 7. e5 Nd5 8. dxc5
Nc7 9. cxd6 Ne6 10. dxe7 Qxe7 11. Na3 Nxe5 12. Nxe5 Bxe5 13. Bb5+ Bd7 14. Bxd7+
Qxd7 15. Qxd7+ Kxd7 16. Be3 f5 17. f4 Bf6 18. Nb5 a6 19. Nd4 Nxd4 20. Rad1 Rhe8
21. Bxd4 Bxd4+ 22. Rxd4+ Kc7 23. Kf2 Re7 24. Re1 Rae8 25. Rxe7+ Rxe7 26. h3 Re6
27. Rd2 Re7 28. g4 fxg4 29. hxg4 b5 30. Re2 Rd7 31. Kg3 a5 32. Kh4 Kc6 33. Kg5
Rf7 34. Rd2 Kc5 35. f5 gxf5 36. gxf5 a4 37. f6 a3 38. Kf5 axb2 39. Rxb2 Rd7 40.
Ke6 Rd3 41. Rf2 1-0

[Event "LLHH 2122 SK Marmstorf - Hamburger SK V"]
[Site "?"]
[Date "2022.04.03"]
[Round "8.6"]
[White "Koenig, Friedrich Theodor"]
[Black "Schulz, Wolfgang"]
[Result "1-0"]
[WhiteElo "1891"]
[BlackElo "2032"]
[PlyCount "41"]
[EventDate "2022.??.??"]

1. d4 Nf6 2. Bf4 g6 3. Nc3 d5 4. e3 Bg7 5. Nb5 Na6 6. h3 O-O 7. Nf3 c6 8. Nc3
Qa5 9. Bd3 Nb4 10. O-O Nxd3 11. cxd3 c5 12. dxc5 Qxc5 13. Qb3 Bf5 14. d4 Qa5
15. Qxb7 Bd3 16. Rfd1 Ba6 17. Qxe7 Rfe8 18. Qc5 Qxc5 19. dxc5 Rac8 20. Bd6 Nd7
21. Nxd5 1-0

[Event "LLHH 2122 SK Marmstorf - Hamburger SK V"]
[Site "?"]
[Date "2022.04.03"]
[Round "8.7"]
[White "Emami, Madjid"]
[Black "Peschke, Matthias"]
[Result "0-1"]
[WhiteElo "1971"]
[BlackElo "2008"]
[PlyCount "97"]
[EventDate "2022.??.??"]

1. Nf3 Nf6 2. g3 c5 3. Bg2 g6 4. O-O Bg7 5. d3 O-O 6. e4 Nc6 7. c3 e5 8. Qe2
Re8 9. Nbd2 d6 10. a3 a5 11. a4 h6 12. Nc4 Be6 13. Nfd2 d5 14. exd5 Bxd5 15.
Bxd5 Nxd5 16. Ne4 b6 17. h4 f5 18. Ned2 Ra7 19. Qf3 Rf7 20. Nxb6 e4 21. dxe4
fxe4 22. Qg2 Nxb6 23. Nxe4 Qd5 24. Nxc5 Qxc5 25. Be3 Rxe3 26. fxe3 Qxe3+ 27.
Kh1 Rxf1+ 28. Rxf1 Ne5 29. h5 gxh5 30. Qb7 Qe2 31. Kg1 Qxb2 32. Qe7 Qxc3 33.
Qd8+ Kh7 34. Qxb6 Qxg3+ 35. Kh1 Qh3+ 36. Kg1 Nf3+ 37. Rxf3 Qxf3 38. Qb1+ Kg8
39. Qb8+ Bf8 40. Qe8 h4 41. Qe6+ Qf7 42. Qc8 h5 43. Qd8 Qf5 44. Kh2 Kg7 45.
Qc7+ Kf6 46. Qd8+ Be7 47. Qb6+ Kg5 48. Qg1+ Qg4 49. Qxg4+ 0-1

[Event "LLHH 2122 SK Marmstorf - Hamburger SK V"]
[Site "?"]
[Date "2022.04.03"]
[Round "8.8"]
[White "Anderberg, Peter"]
[Black "Kleiner, Michael"]
[Result "1/2-1/2"]
[WhiteElo "1979"]
[BlackElo "2087"]
[PlyCount "47"]
[EventDate "2022.??.??"]

1. d4 g6 2. c4 Bg7 3. Nf3 Nf6 4. Nc3 O-O 5. e4 d6 6. h3 Nc6 7. Be3 e6 8. Be2 a6
9. Qd2 d5 10. e5 Ne4 11. Qc2 Nxc3 12. bxc3 f6 13. exf6 Bxf6 14. O-O Na5 15.
cxd5 exd5 16. Bh6 Bg7 17. Bxg7 Kxg7 18. Ne5 Qd6 19. f4 c5 20. Rf2 Nc6 21. Qd2
cxd4 22. Nxc6 bxc6 23. Qxd4+ Qf6 24. Rd1 1/2-1/2

[Event "LLHH 2122 SC Königsspringer II - Hambu"]
[Site "?"]
[Date "2022.04.03"]
[Round "8.2"]
[White "Moehrmann, Marcus"]
[Black "Frackowiak, Oliver"]
[Result "0-1"]
[WhiteElo "2038"]
[BlackElo "2162"]
[PlyCount "70"]
[EventDate "2022.??.??"]

1. d4 d5 2. c4 e6 3. Nc3 Bb4 4. Nf3 Nf6 5. Bg5 dxc4 6. e4 b5 7. a4 c5 8. axb5
cxd4 9. Nxd4 h6 10. Bxf6 Qxf6 11. Bxc4 O-O 12. Nde2 Bb7 13. O-O Rd8 14. Qb3 Bc5
15. Rad1 Nd7 16. Na4 Bf8 17. Qe3 Qe5 18. Nec3 Qc7 19. Be2 Bd6 20. h3 Nb6 21.
Rc1 Bf4 22. Qc5 Qxc5 23. Nxc5 Bxc1 24. Nxb7 Rdb8 25. Rxc1 Rxb7 26. e5 Rd8 27.
Ne4 Nd5 28. Nd6 Rc7 29. Ra1 Nf4 30. Bf3 Nd3 31. Nb7 Rb8 32. Rxa7 Nxe5 33. Bc6
Nxc6 34. bxc6 Rxc6 35. Na5 Rc1+ 0-1